Arca de cirosa / (Record no. 60783)

MARC details
000 -LEADER
campo de control de longitud fija 00470nam a2200169 i 4500
001 - NÚMERO DE CONTROL
campo de control 60783
003 - IDENTIFICADOR DE NÚMERO DE CONTROL
campo de control ES-MaACL
005 - FECHA Y HORA DE LA ÚLTIMA TRANSACCIÓN
campo de control 20230906164314.0
007 - CAMPO FIJO DE DESCRIPCIÓN FÍSICA--INFORMACIÓN GENERAL
campo de control de longitud fija t|
008 - DATOS DE LONGITUD FIJA--INFORMACIÓN GENERAL
campo de control de longitud fija 031106s1966 sp ||||1| spa d
100 1# - ENTRADA PRINCIPAL--NOMBRE DE PERSONA
Nombre de persona Esplugas, Josep.
9 (RLIN) 47935
245 10 - MENCIÓN DEL TÍTULO
Título Arca de cirosa /
Mención de responsabilidad, etc. Josep Esplugas ; próleg d'Octari Saltor.
260 ## - PUBLICACIÓN, DISTRIBUCIÓN, ETC.
Lugar de publicación, distribución, etc. Barcelona :
Nombre del editor, distribuidor, etc. [s.n],
Fecha de publicación, distribución, etc. 1966.
300 ## - DESCRIPCIÓN FÍSICA
Extensión 62 p. ;
Dimensiones 18 cm.
700 1# - ENTRADA AGREGADA--NOMBRE PERSONAL
Nombre de persona Saltor, Octavi.
9 (RLIN) 102045
852 ## - LOCALIZACIÓN
Ubicación ES-MaACL
Número de control de estantería C-31726
Sublocalización o colección R.62389
Holdings
Estatus retirado Estado de pérdida Estado de daño No para préstamo Biblioteca de origen Biblioteca actual Ubicación en estantería Fecha de adquisición Fuente de adquisición Total de préstamos Signatura topográfica completa Código de barras Visto por última vez Precio de reemplazo Tipo de ítem Koha
        Biblioteca del Ateneo de Madrid Biblioteca del Ateneo de Madrid Depósito 2 17/01/2008     C-31726 1063744 23/02/2023 23/02/2023 Libro impreso